Rabindranath Tagore : (Record no. 90083)

MARC details
000 -LEADER
fixed length control field 00677nam a22002057a 4500
005 - DATE AND TIME OF LATEST TRANSACTION
control field 20141128152202.0
010 ## - LCCN (DPL NO)
LC control number ENG-111247
020 ## - INTERNATIONAL STANDARD BOOK NUMBER
International Standard Book Number 9788125055686
Terms of availability 1125.00
035 ## - SYSTEM CONTROL NUMBER
System control number EN-94779
037 ## - SOURCE OF ACQUISITION
Source of stock number/acquisition DBAD/PUB
082 ## - DEWEY DECIMAL CLASSIFICATION NUMBER
Classification number 891.4414
245 ## - TITLE STATEMENT
Title Rabindranath Tagore :
Statement of responsibility, etc edited by Martin Kampchen [and] Imre Bangha
Remainder of title one hundred years of global reception /
260 ## - PUBLICATION, DISTRIBUTION, ETC. (IMPRINT)
Place of publication, distribution, etc New Delhi
Name of publisher, distributor, etc Orient Blackswan
Date of publication, distribution, etc 2014
270 ## - ADDRESS
Address 1/24, Asaf Ali Road
City New Delhi
Postal code 110002
300 ## - PHYSICAL DESCRIPTION
Extent xix, 671p.
Dimensions 24cm(Hb)
500 ## - GENERAL NOTE
General note Includes bibliographical references and index
700 ## - ADDED ENTRY--PERSONAL NAME
Personal name Kampchen, Martin
700 ## - ADDED ENTRY--PERSONAL NAME
Personal name Bangha, Imre
942 ## - ADDED ENTRY ELEMENTS (KOHA)
Source of classification or shelving scheme Dewey Decimal Classification
Item type English Books
Call number suffix RAB
Classification part 891.4414
Holdings
Withdrawn status Lost status Not for loan Collection code Home library Current library Date acquired Source of acquisition Cost, normal purchase price Full call number Barcode Copy number Cost, replacement price Koha item type
    Not For Loan Non-fiction D.B.Act.Division D.B.Act.Division 17/11/2014 DBAD/PUB 1125.00 891.4414 RAB EN-94779 1 1125.00 English Books

© Delhi Public Library
Hit Counter
free hit counter